000 01145cam a2200205 4500
001 WB3937-01
008 030930n2003 000 0 eng u
035 _a(Sirsi) u123765
245 _aCampaign launched to dispel access 'myths'
260 _c2003
490 _aDisability Rights Commission News Release
_v 22 September 2003 (3)
520 _aThe Disability Rights Commission has launched a campaign aimed at dispelling the myth that making buildings more accessible will be too costly. The "Open 4 all" campaign highlights that adapting buildings need not threaten their historical character and can actually boost business. New legislation is due to come into effect on 1 October 2004. Copies of the report are available to download from http://www.drc-gb.org/uploaded_files/documents/20_528_03-09factmyths.doc. http://www.drc-gb.org/newsroom/newsdetails.asp?id=528&section=1
590 _aWB
650 _aMANAGEMENT-BUSINESS MANAGEMENT-DISCRIMINATION-DISABILITY DISCRIMINATION-ACCESSIBILITY
650 _aDISABILITY RIGHTS COMMISSION
650 _aHERITAGE
650 _aADAPTATION
690 _aBUILT ENVIRONMENT
942 _n0
999 _c73493
_d73493